Les mois de l'année en espagnol - Statistiques

Statistiques générales
  • Ce quiz a été pris 275 fois
  • Le résultat moyen est 8 sur 12
Statistiques - réponses
Réponse % Correct
Enero
82%
Mayo
80%
Abril
78%
Febrero
77%
Julio
76%
Marzo
73%
Septiembre
70%
Junio
69%
Noviembre
65%
Octubre
59%
Diciembre
54%
Agosto
45%
Aucun quiz correspondant
Distribution des résultats
% des personnes avec chaque résultat
Percentile par nombre de réponses
Votre historique - résultats
Vous n’avez pas pris ce quiz